[Event "Wch U20 60th"]
[Site "Mexico City"]
[Date "2023.09.22"]
[Round "2"]
[White "Gallo Garcia, Kemel Antonio"]
[Black "Dudin, Gleb"]
[Result "0-1"]
[WhiteElo "2356"]
[BlackElo "2537"]
[PlyCount "92"]
[EventDate "2023.09.21"]
[EventType "swiss"]
[EventRounds "11"]
[EventCountry "MEX"]
[SourceTitle "EXT 2024"]
[Source "ChessBase"]
[SourceDate "2023.10.10"]
[SourceVersion "1"]
[SourceVersionDate "2023.10.10"]
[SourceQuality "1"]

1. e4 e5 2. Nf3 Nc6 3. Bb5 a6 4. Ba4 Nf6 5. 0-0 Be7 6. Re1 b5 7. Bb3 0-0 8. h3 Bb7 9. d3 d6 10. a4 Na5 11. Ba2 c5 12. Bg5 b4 13. Nbd2 h6 14. Bxf6 Bxf6 15. c3 d5 16. exd5 Bxd5 17. Bxd5 Qxd5 18. Ne4 Be7 19. Ng3 Nc6 20. Nf5 Rfe8 21. Ne3 Qd8 22. Nc4 Bf6 23. Re4 Ra7 24. Qe2 Rae7 25. Qe3 Re6 26. Rd1 Qd5 27. Qd2 Bd8 28. Ne3 Qd7 29. Qc2 g6 30. Nc4 Bf6 31. Ree1 Qd8 32. Nfd2 Bg7 33. Nb3 Bf8 34. Qc1 Qb8 35. Nba5 Nxa5 36. Nxa5 bxc3 37. Qxc3 c4 38. Qxc4 Rc8 39. Qh4 Bb4 40. Nc4 Bxe1 41. Rxe1 Kg7 42. Re3 Qb4 43. a5 Qc5 44. f3 Rb8 45. Kh1 Rxb2 46. Qe1 Rc2 0-1

[Event "Titled Tuesday intern op 21st Mar Early"]
[Site "Chess.com INT"]
[Date "2023.03.21"]
[Round "3"]
[White "Ovezdurdiyeva, Jemal"]
[Black "Gallo Garcia, Kemel Antonio"]
[Result "0-1"]
[WhiteElo "2061"]
[BlackElo "2350"]
[PlyCount "62"]
[EventDate "2023.03.21"]
[EventType "swiss (blitz)"]
[EventRounds "11"]
[EventCountry "USA"]
[SourceTitle "EXT 2024"]
[Source "ChessBase"]
[SourceDate "2023.10.10"]
[SourceVersion "1"]
[SourceVersionDate "2023.10.10"]
[SourceQuality "1"]

1. e4 c5 2. Nf3 d6 3. c3 Nf6 4. Bd3 g6 5. 0-0 Bg7 6. h3 0-0 7. Bc2 e5 8. d4 Nc6 9. Bg5 h6 10. Be3 b6 11. Na3 Nh5 12. Qd2 Kh7 13. Rfd1 Qf6 14. Nc4 Bxh3 15. Nxd6 Bxg2 16. Kxg2 Qxd6 17. dxc5 Qe6 18. Nh2 Nf4+ 19. Bxf4 exf4 20. Qxf4 bxc5 21. Qg4 Qe7 22. Rd5 Ne5 23. Qh3 Rad8 24. Rad1 Rxd5 25. Rxd5 Qg5+ 26. Qg3 Qc1 27. Bb3 c4 28. Bd1 Nd3 29. Be2 Nf4+ 30. Kf3 Nxd5 31. exd5 Qxb2 0-1

[Event "Titled Tuesday intern op 06th Dec Late"]
[Site "Chess.com INT"]
[Date "2022.12.06"]
[Round "4"]
[White "Gallo Garcia, Kemel Antonio"]
[Black "Figorito, Nick"]
[Result "1-0"]
[WhiteElo "2323"]
[BlackElo "2036"]
[PlyCount "173"]
[EventDate "2022.12.06"]
[EventType "swiss (blitz)"]
[EventRounds "11"]
[EventCountry "USA"]
[SourceTitle "CBM 211 Extra"]
[Source "ChessBase"]
[SourceDate "2023.01.31"]
[SourceVersion "1"]
[SourceVersionDate "2023.01.31"]
[SourceQuality "1"]

1. c4 c6 2. Nf3 d5 3. d4 Nf6 4. g3 g6 5. Bg2 Bg7 6. 0-0 0-0 7. Ne5 Nbd7 8. cxd5 cxd5 9. Nc3 e6 10. Bf4 Nxe5 11. Bxe5 Bd7 12. Qb3 Bc6 13. a4 Rc8 14. Nb5 a6 15. Na7 Ra8 16. Nxc6 bxc6 17. Rfc1 Qd7 18. Rc2 Rfc8 19. Rac1 Ne8 20. Bxg7 Kxg7 21. a5 Nd6 22. e3 Nc4 23. Bf1 Nxa5 24. Qa4 Nc4 25. Bxc4 dxc4 26. Rxc4 Qb7 27. b4 Qb5 28. Qa5 Rab8 29. Qxb5 Rxb5 30. Rxc6 Rxc6 31. Rxc6 Rxb4 32. Rxa6 f5 33. Rxe6 Rb1+ 34. Kg2 Rd1 35. Re7+ Kg8 36. Kf3 Rd2 37. h3 h5 38. h4 Kf8 39. Rb7 Kg8 40. Rd7 Kf8 41. d5 Ke8 42. Rg7 Rxd5 43. Rxg6 Kf7 44. Rg5 Kf6 45. Rxh5 Rd1 46. Rh8 Rh1 47. Rf8+ Kg6 48. Ra8 Kf6 49. Ra6+ Ke5 50. Ra5+ Kf6 51. Kf4 Rh2 52. Rxf5+ Kg6 53. f3 Rh1 54. Rg5+ Kh6 55. e4 Ra1 56. Re5 Ra4 57. g4 Ra1 58. h5 Rg1 59. Re6+ Kh7 60. Kf5 Kg8 61. f4 Kf7 62. Rb6 Ke7 63. h6 Rh1 64. h7 Kf7 65. h8Q Rxh8 66. Rb7+ Kg8 67. Rb8+ Kg7 68. Rxh8 Kxh8 69. e5 Kg7 70. e6 Kf8 71. g5 Ke8 72. g6 Kf8 73. Kf6 Ke8 74. g7 Kd8 75. g8Q+ Kc7 76. e7 Kb6 77. e8Q Ka6 78. Qgf7 Kb6 79. Qfd7 Kc5 80. Qe5+ Kb6 81. Qdd6+ Kb7 82. Qb5+ Kc8 83. Qdc5+ Kd8 84. Qd3+ Ke8 85. Qc6+ Kf8 86. Qcd6+ Ke8 87. Qe4# 1-0

[Event "Titled Tuesday intern op 06th Dec Late"]
[Site "Chess.com INT"]
[Date "2022.12.06"]
[Round "3"]
[White "Gutkin, Ilya"]
[Black "Gallo Garcia, Kemel Antonio"]
[Result "0-1"]
[WhiteElo "2245"]
[BlackElo "2323"]
[PlyCount "58"]
[EventDate "2022.12.06"]
[EventType "swiss (blitz)"]
[EventRounds "11"]
[EventCountry "USA"]
[SourceTitle "CBM 211 Extra"]
[Source "ChessBase"]
[SourceDate "2023.01.31"]
[SourceVersion "1"]
[SourceVersionDate "2023.01.31"]
[SourceQuality "1"]

1. Nf3 Nf6 2. g3 b6 3. Bg2 Bb7 4. c4 e6 5. 0-0 Be7 6. d4 0-0 7. Nc3 Ne4 8. Qc2 Nxc3 9. Qxc3 Be4 10. Bf4 d6 11. Rfd1 Nd7 12. Rac1 g5 13. Be3 c6 14. d5 cxd5 15. cxd5 Bxd5 16. Nd4 Bxg2 17. Kxg2 Bf6 18. Qd3 Ne5 19. Qd2 h6 20. h4 Ng4 21. hxg5 Nxe3+ 22. Qxe3 Bxg5 23. f4 Bf6 24. Nc6 Qd7 25. b4 b5 26. Rh1 Bg7 27. Qf3 Rfc8 28. Qg4 Rxc6 29. Qf3 Rac8 0-1

[Event "Titled Tuesday intern op 26th Jul Late"]
[Site "Chess.com INT"]
[Date "2022.07.26"]
[Round "5"]
[White "Gallo Garcia, Kemel Antonio"]
[Black "Przybylski, Wojciech"]
[Result "0-1"]
[WhiteElo "2323"]
[BlackElo "2321"]
[PlyCount "64"]
[EventDate "2022.07.26"]
[EventType "swiss (blitz)"]
[EventRounds "11"]
[EventCountry "USA"]
[SourceTitle "EXT 2023"]
[Source "ChessBase"]
[SourceDate "2022.10.05"]
[SourceVersion "1"]
[SourceVersionDate "2022.10.05"]
[SourceQuality "1"]

1. e4 e5 2. Nf3 Nf6 3. Nxe5 d6 4. Nd3 Nxe4 5. Qe2 Qe7 6. Nf4 Nf6 7. Nc3 c6 8. d4 Bg4 9. f3 Qxe2+ 10. Bxe2 Bf5 11. Bd3 Bxd3 12. Nxd3 Nbd7 13. Kf2 0-0-0 14. Bf4 Nb6 15. g4 h6 16. h4 Nfd5 17. Nxd5 Nxd5 18. Bg3 Be7 19. c3 Rhe8 20. Rae1 Kd7 21. h5 b5 22. Re2 Bf6 23. Rhe1 Rxe2+ 24. Rxe2 a5 25. Re4 a4 26. f4 a3 27. bxa3 Nxc3 28. Re1 Bxd4+ 29. Kf3 Bf6 30. Bf2 Ra8 31. g5 hxg5 32. fxg5 Bxg5 0-1

[Event "Titled Tuesday intern op 17th May Late"]
[Site "Chess.com INT"]
[Date "2022.05.17"]
[Round "1"]
[White "Gallo Garcia, Kemel Antonio"]
[Black "Itkis, Boris"]
[Result "1-0"]
[WhiteElo "2332"]
[BlackElo "2345"]
[PlyCount "47"]
[EventDate "2022.05.17"]
[EventType "swiss (blitz)"]
[EventRounds "11"]
[EventCountry "USA"]
[SourceTitle "CBM 208 Extra"]
[Source "ChessBase"]
[SourceDate "2022.07.31"]
[SourceVersion "1"]
[SourceVersionDate "2022.07.31"]
[SourceQuality "1"]

1. c4 c5 2. Nf3 g6 3. d4 Bg7 4. dxc5 Na6 5. Be3 Nf6 6. Nc3 0-0 7. g3 Qa5 8. Qd2 Nxc5 9. Bg2 Ng4 10. Bd4 e5 11. Bxc5 Qxc5 12. 0-0 Qxc4 13. Nd5 d6 14. Rac1 Qa4 15. b3 Qa3 16. Nc7 Rb8 17. Nb5 Qa6 18. Qxd6 Qxd6 19. Nxd6 Be6 20. Ng5 Rfd8 21. Nxb7 Rd2 22. Nxe6 fxe6 23. Rc7 Rxe2 24. Bf3 1-0

[Event "Titled Tuesday intern op 17th May Late"]
[Site "Chess.com INT"]
[Date "2022.05.17"]
[Round "3"]
[White "Gallo Garcia, Kemel Antonio"]
[Black "Koutlas, Nikolaos"]
[Result "0-1"]
[WhiteElo "2332"]
[BlackElo "2251"]
[PlyCount "86"]
[EventDate "2022.05.17"]
[EventType "swiss (blitz)"]
[EventRounds "11"]
[EventCountry "USA"]
[SourceTitle "CBM 208 Extra"]
[Source "ChessBase"]
[SourceDate "2022.07.31"]
[SourceVersion "1"]
[SourceVersionDate "2022.07.31"]
[SourceQuality "1"]

1. c4 Nf6 2. Nc3 g6 3. d4 Bg7 4. e4 d6 5. Be2 0-0 6. h4 c5 7. d5 e6 8. h5 exd5 9. exd5 Re8 10. Kf1 Bf5 11. hxg6 fxg6 12. Nf3 Nbd7 13. Bf4 Qe7 14. Qd2 Ng4 15. Re1 Nde5 16. Ng5 Nd3 17. Rd1 Bxc3 18. bxc3 Qxe2+ 19. Qxe2 Rxe2 20. Kxe2 Nxf4+ 21. Kf3 Nh5 22. Rde1 Ne5+ 23. Ke2 Nxc4 24. Rh4 Ne5 25. f3 h6 26. Ne6 Bxe6 27. dxe6 Re8 28. g4 Nf4+ 29. Kf1 Nxf3 30. Rxh6 Nxe1 31. Kxe1 Rxe6+ 32. Kd2 Kg7 33. Rh1 Kf6 34. c4 Kg5 35. Rg1 Re2+ 36. Kd1 Rg2 37. Re1 Kxg4 38. a4 Ra2 39. Re7 Rxa4 40. Kc1 Rxc4+ 41. Kd2 Rd4+ 42. Ke3 Nd5+ 43. Kf2 Nxe7 0-1

[Event "Titled Tuesday intern op 17th May Late"]
[Site "Chess.com INT"]
[Date "2022.05.17"]
[Round "9"]
[White "Holt, Conrad"]
[Black "Gallo Garcia, Kemel Antonio"]
[Result "1-0"]
[WhiteElo "2553"]
[BlackElo "2332"]
[PlyCount "57"]
[EventDate "2022.05.17"]
[EventType "swiss (blitz)"]
[EventRounds "11"]
[EventCountry "USA"]
[SourceTitle "CBM 208 Extra"]
[Source "ChessBase"]
[SourceDate "2022.07.31"]
[SourceVersion "1"]
[SourceVersionDate "2022.07.31"]
[SourceQuality "1"]

1. d4 Nf6 2. c4 g6 3. Nc3 d5 4. e3 Bg7 5. Qb3 dxc4 6. Bxc4 0-0 7. Nf3 c5 8. 0-0 cxd4 9. Nxd4 Nc6 10. Nxc6 bxc6 11. e4 Qa5 12. Bf4 g5 13. Bd2 Qe5 14. Qc2 h5 15. Kh1 Ng4 16. g3 Qc5 17. Nd1 Be6 18. Rc1 Bxc4 19. Qxc4 Qxc4 20. Rxc4 Rfd8 21. Rc2 Bf6 22. h3 Ne5 23. f4 gxf4 24. gxf4 Nc4 25. Bc1 Nb6 26. e5 Bh4 27. Ne3 Rd3 28. Nf5 e6 29. Nxh4 1-0

[Event "Guillermo Garcia Memorial op"]
[Site "Santa Clara"]
[Date "2022.05.04"]
[Round "5"]
[White "Gallo Garcia, Kemel Antonio"]
[Black "Esmeraldas Huachi, Anderson Yahir"]
[Result "1-0"]
[WhiteElo "2379"]
[BlackElo "2030"]
[PlyCount "59"]
[EventDate "2022.04.30"]
[EventType "swiss"]
[EventRounds "9"]
[EventCountry "CUB"]
[SourceTitle "CBM 208 Extra"]
[Source "ChessBase"]
[SourceDate "2022.07.31"]
[SourceVersion "1"]
[SourceVersionDate "2022.07.31"]
[SourceQuality "1"]

1. e4 c5 2. Nf3 d6 3. Bb5+ Bd7 4. Bxd7+ Qxd7 5. c4 Nf6 6. Nc3 Nc6 7. d4 cxd4 8. Nxd4 Nxd4 9. Qxd4 g6 10. Be3 Bg7 11. f3 0-0 12. Qd3 a6 13. 0-0 Rab8 14. a4 Rfc8 15. b3 Qe6 16. Ba7 Ra8 17. Bd4 Nd7 18. Bxg7 Kxg7 19. Nd5 Rab8 20. f4 Nc5 21. Qc3+ f6 22. Rae1 Kf7 23. e5 f5 24. exd6 Ne4 25. Qh3 Kg7 26. dxe7 b5 27. Rxe4 Qxe4 28. Qc3+ Kf7 29. Re1 Qxd5 30. e8Q+ 1-0

[Event "Titled Tuesday intern op 05th Oct"]
[Site "Chess.com INT"]
[Date "2021.10.05"]
[Round "6"]
[White "Gallo Garcia, Kemel Antonio"]
[Black "Begmuratov, Khumoyun"]
[Result "0-1"]
[WhiteElo "2328"]
[BlackElo "2082"]
[PlyCount "144"]
[EventDate "2021.10.05"]
[EventType "swiss (blitz)"]
[EventRounds "11"]
[EventCountry "USA"]
[SourceTitle "CBM 204 Extra"]
[Source "ChessBase"]
[SourceDate "2021.11.30"]
[SourceVersion "1"]
[SourceVersionDate "2021.11.30"]
[SourceQuality "1"]

1. e4 e5 2. Nf3 Nc6 3. Bb5 a6 4. Ba4 Nf6 5. 0-0 Nxe4 6. d4 b5 7. Bb3 d5 8. dxe5 Be6 9. Qe2 Be7 10. Rd1 Nc5 11. Bf4 Nxb3 12. cxb3 0-0 13. Nc3 Nb8 14. Ne4 Nd7 15. Neg5 Qe8 16. Bg3 h6 17. Nxe6 fxe6 18. Nd4 Qg6 19. Nc6 Rf7 20. Rac1 Bc5 21. Kh1 Raf8 22. f3 h5 23. a4 Qh6 24. h4 bxa4 25. bxa4 Kh8 26. b4 Be3 27. Rc3 Bf4 28. Bxf4 Rxf4 29. Qxa6 Rxh4+ 30. Kg1 Rhf4 31. Qe2 h4 32. Rd4 h3 33. gxh3 Rxd4 34. Nxd4 Qg5+ 35. Kh1 Qg3 36. Nxe6 Rf5 37. Rc2 Nxe5 38. f4 Nf3 39. Qf2 Qxh3+ 40. Qh2 Nxh2 41. Rxh2 Rh5 42. Rxh3 Rxh3+ 43. Kg2 Ra3 44. a5 Ra4 45. Nxc7 Rxb4 46. a6 Ra4 47. Kf3 d4 48. Ke4 Kg8 49. Nb5 Rxa6 50. Nxd4 Kf7 51. Nf3 Kf6 52. Nd4 Ra4 53. Ke3 Ra1 54. Ke4 Ke7 55. Nf5+ Kf7 56. Nd4 Re1+ 57. Kf3 Kf6 58. Kf2 Re4 59. Ne2 Kf5 60. Kf3 Rxe2 61. Kxe2 Kxf4 62. Kf2 g5 63. Kg2 Kg4 64. Kf2 Kh3 65. Kg1 Kg3 66. Kh1 Kf2 67. Kh2 g4 68. Kh1 Kg3 69. Kg1 Kh3 70. Kh1 g3 71. Kg1 g2 72. Kf2 Kh2 0-1

[Event "Titled Tuesday intern op 05th Oct"]
[Site "Chess.com INT"]
[Date "2021.10.05"]
[Round "8"]
[White "Gallo Garcia, Kemel Antonio"]
[Black "Suarez Uriel, Adrian"]
[Result "1-0"]
[WhiteElo "2328"]
[BlackElo "2343"]
[PlyCount "79"]
[EventDate "2021.10.05"]
[EventType "swiss (blitz)"]
[EventRounds "11"]
[EventCountry "USA"]
[SourceTitle "CBM 204 Extra"]
[Source "ChessBase"]
[SourceDate "2021.11.30"]
[SourceVersion "1"]
[SourceVersionDate "2021.11.30"]
[SourceQuality "1"]

1. e4 c5 2. Nf3 Nc6 3. Bb5 g6 4. 0-0 Bg7 5. c3 Nf6 6. Re1 0-0 7. d4 d5 8. e5 Ne4 9. Nbd2 Bf5 10. Bxc6 bxc6 11. Nh4 cxd4 12. cxd4 Be6 13. Nxe4 dxe4 14. Rxe4 Rb8 15. Re1 c5 16. Be3 Rxb2 17. dxc5 Bxe5 18. Qa4 Qc7 19. Nf3 Bf6 20. Bd4 Bxd4 21. Qxd4 Rfb8 22. h4 R2b4 23. Qe3 Rg4 24. h5 Bd5 25. Rad1 e6 26. h6 Qf4 27. Qc3 Qxh6 28. Rxd5 exd5 29. c6 Qf4 30. Ne5 Qd4 31. Qa5 Rf4 32. Nf3 Qb6 33. Qxd5 Rd8 34. Qe5 Rc4 35. Ng5 Rxc6 36. Qe7 Rf8 37. Nxh7 Re6 38. Qxf8+ Kxh7 39. Qxf7+ Kh6 40. Qxe6 1-0